| 000 | 003600000a22001570004500 | ||
|---|---|---|---|
| 005 | 20120302064832.0 | ||
| 942 | _cBOOK | ||
| 100 | _a Bhasac | ||
| 245 | _a Svapnavasavadattam | ||
| 250 | _a 3rd (Rev) | ||
| 260 | _aBombayt: A/R. Sheth & Co. , 1972 | ||
| 300 | _a160 p. | ||
| 040 | _as/e | ||
| 365 | _bRs.8/- | ||
| 650 | _aDrama/ Natak / Svapna / Vasavdatta | ||
| 999 |
_c363200 _d363197 |
||